| 000 | 00496nam a2200169Ia 4500 | ||
|---|---|---|---|
| 999 |
_c28418 _d28418 |
||
| 003 | OSt | ||
| 005 | 20260416152737.0 | ||
| 008 | 190216s9999||||xx |||||||||||||| ||und|| | ||
| 040 | _coclc | ||
| 082 |
_a894.8124 _bYAT/M |
||
| 100 |
_aYati, Nitya Chaitanya _96870 |
||
| 245 | 0 |
_aMandukyopanishath / _cNithya Chaithanya Yati |
|
| 260 |
_bPoorna Publication, _aKozhikode; _c1984. |
||
| 300 | _a95p | ||
| 650 | _aLekhanam | ||
| 942 |
_cBK _2ddc _h894.8124 _iYAT/M _k894.8124 _mYAT/M |
||